| 000 | 00607nam a22002057a 4500 | ||
|---|---|---|---|
| 999 |
_c18421 _d18421 |
||
| 003 | AR-CdUCM | ||
| 008 | 190514b ||||| |||| 00| 0 spa d | ||
| 040 |
_aMUNICIPALIDAD PROVINCIAL DEL CUSCO _cBIBLIOTECA MUNICIPAL DEL CUSCO |
||
| 082 |
_a614 / _bS67 |
||
| 100 |
_aSonis, Abraam _938996 |
||
| 245 | _aSalud,medicina y desarrollo económico-social / | ||
| 260 |
_aBuenos Aires : _bEudeba, _c1964. |
||
| 300 |
_a284 paginas ; _c18 cm. |
||
| 505 | _aContenido : | ||
| 650 |
_aSalud _98684 |
||
| 650 |
_aEconomÃa _9382 |
||
| 650 |
_aDesarrollo _92021 |
||
| 942 |
_2ddc _cLIBROS |
||
| 945 |
_arjall _d2019-05-14 |
||